| 000 | 00724nam a2200229 u 4500 | ||
|---|---|---|---|
| 005 | 20220623063550.0 | ||
| 008 | 120308s2010 ag r 000 0 spa d | ||
| 020 | _a9789876011006 | ||
| 035 | _aUPN01000183580 | ||
| 049 | _aCG | ||
| 050 | 4 |
_aLC1035.8 A7 _bM3.3 |
|
| 100 | 1 | _aMacri, Mariela | |
| 245 | 1 | 0 |
_aEstudiar y trabajar : _bperspectivas y estrategias de los adolescentes / _cMariela Macri. |
| 260 |
_aBuenos Aires : _bLa Crujía, _c2010. |
||
| 300 | _a215 p. | ||
| 440 | 0 | _aItinerarios | |
| 650 | 4 |
_aEDUCACION - _xINVESTIGACION - _zARGENTINA _917004 |
|
| 650 | 4 |
_aADOLESCENTES - _zARGENTINA - _xCONDICIONES SOCIALES _912036 |
|
| 650 | 0 |
_aAdolescentes _xConducta de vida _91767 |
|
| 905 | _aLibro | ||
| 999 |
_c155683 _d155683 |
||